000
00296nam a22001337a 4500
008
170529b xxu||||| |||| 00| 0 eng d
020
_a
0669076791
041
_a
eng
080
_2
3RD
_a
94(7/8)
100
_a
16
101
_a
SHH
245
_a
AMERICAN GOVERNMENT
_c
WILSON,J.Q
942
_2
udc
_c
BK
999
_c
14980
_d
14980